• 首页
  • 本馆介绍
  • 公告通知
  • 最新文献
  • 馆藏检索
  • 电子资源
  • 读者导购
  • 参考咨询
  • 我的图书馆
  • 登录
  • 详细信息显示
  • 放入我的书架
  • 预约/预借图书
  • 作者相关作品
  • 分类相关作品
  • 丛书相关作品
  • 出版社相关作品

书目信息

  • 表格格式
  • 工作单格式
  • 卡片格式
题名:
上海工人三次武装起义
    
 
作者: 黄逸峰 , 周尚文 著
分册:  
出版信息: 上海   上海人民出版社  1979
页数: 72页
开本: 19cm
丛书名:
单 册:
中图分类: K261.3
科图分类:
主题词: 中国--历史
电子资源:
ISBN:
000 00685nam0 2200229 45
001 0179007473
005 20060302083059.39
010    @dCNY0.22
091    @a3074.513
100    @a19950725d1979 em y0chiy0121 ea
101 0  @achi
102    @aCN@b310000
105    @af z 000yy
200 10 @a上海工人三次武装起义@Ashang hai gong ren san ci wu zhuang qi yi@f黄逸峰,周尚文著@Fhuang yi feng,zhou shang wen zhu
210    @a上海@c上海人民出版社@d1979
215    @a72页@c照片@d19cm
606 0  @a中国@x历史
690    @aK261.3
701  0 @a黄逸峰@Ahuang yi feng@4著
701  0 @a周尚文@Azhou shang wen@4著
801  0 @aCN@bNLC@c20060302
905    @f2@b82392-393@dK261.3@e28@b82395@f1
    
    上海工人三次武装起义/黄逸峰,周尚文著.-上海:上海人民出版社,1979
    72页:照片;19cm
    
    
    ISBN :CNY0.22
    
●
相关链接 在E读中查询图书 在五车中查询图书 在当当中查询图书 在豆瓣中查询图书


正题名:上海工人三次武装起义     索取号:K261.3/28         预约/预借

序号 登录号 条形码 馆藏地/架位号 状态 备注
1 0082392   000640818   密集书库/ [索取号:K261.3/28] 在馆    
2 0082393   000641764   密集书库/ [索取号:K261.3/28] 在馆    
3 0082394   202200634   密集书库/ [索取号:K261.3/28] 在馆    
4 0082395   000641755   第二借阅区/ [索取号:K261.3/28] 在馆    
5 0082396   000641746   第二样本阅览室/ [索取号:K261.3/28] 在馆    
唐山师范学院图书馆 欢迎您!
大连网信软件有限公司© 版权所有